[Event "Scarborough CC Falling Leaves U1800"]
[Site "Toronto CAN"]
[Date "2011.11.17"]
[Round "3"]
[White "Termeer, Ted"]
[Black "Karpik, Steve"]
[Result "1/2-1/2"]
[WhiteElo "1349"]
[BlackElo "1481"]
[PlyCount "52"]
[GameId "2160767909639519"]
[EventDate "2011.11.03"]
[EventType "swiss"]
[EventRounds "7"]
[EventCountry "CAN"]
[SourceTitle "EXT 2022"]
[Source "ChessBase"]
[SourceDate "2021.10.06"]
[SourceVersion "1"]
[SourceVersionDate "2021.10.06"]
[SourceQuality "1"]

1. Nf3 Nc6 2. d4 d5 3. e3 a6 4. c4 e6 5. a3 Nf6 6. Nc3 Be7 7. b3 O-O 8. Bd3 Na7 9. Bb2 c5 10. O-O Nc6 11. dxc5 dxc4 12. Bxc4 b5 13. Qxd8 Rxd8 14. Be2 Bxc5 15. b4 Bb6 16. Rad1 Bb7 17. Rxd8+ Rxd8 18. Rd1 Rxd1+ 19. Nxd1 Nd5 20. Nd4 Nxd4 21. exd4 Nf4 22. Bf1 Be4 23. Ne3 Bd3 24. Bc3 Bxf1 25. Kxf1 Bc7 26. g3 Nd5 1/2-1/2

[Event "Scarborough CC Falling Leaves U1800"]
[Site "Toronto CAN"]
[Date "2011.11.17"]
[Round "3"]
[White "Verde, Pino"]
[Black "Super, Russell"]
[Result "1-0"]
[WhiteElo "1643"]
[BlackElo "1423"]
[PlyCount "49"]
[GameId "2160767909639520"]
[EventDate "2011.11.03"]
[EventType "swiss"]
[EventRounds "7"]
[EventCountry "CAN"]
[SourceTitle "EXT 2022"]
[Source "ChessBase"]
[SourceDate "2021.10.06"]
[SourceVersion "1"]
[SourceVersionDate "2021.10.06"]
[SourceQuality "1"]

1. e4 c5 2. Bc4 d6 3. Qf3 Nf6 4. Nc3 e6 5. d3 Be7 6. g4 Nc6 7. Bb5 a6 8. Bxc6+ bxc6 9. e5 Nd5 10. exd6 Bxd6 11. Ne4 Be7 12. g5 Qc7 13. h4 Bb7 14. a3 Bd6 15. Nh3 Qe7 16. c4 Nb6 17. Nf4 Rd8 18. Bd2 Be5 19. Ba5 Bc7 20. Nh5 O-O 21. Nhf6+ Kh8 22. Nxh7 Kxh7 23. Qh5+ Kg8 24. Nf6+ gxf6 25. gxf6 1-0

[Event "Scarborough CC Falling Leaves U1800"]
[Site "Toronto CAN"]
[Date "2011.11.17"]
[Round "3"]
[White "Vyravanathan, Sobiga"]
[Black "Joshi, Arjavkumar"]
[Result "1-0"]
[WhiteElo "1453"]
[BlackElo "1312"]
[PlyCount "98"]
[GameId "2160767909639521"]
[EventDate "2011.11.03"]
[EventType "swiss"]
[EventRounds "7"]
[EventCountry "CAN"]
[SourceTitle "EXT 2022"]
[Source "ChessBase"]
[SourceDate "2021.10.06"]
[SourceVersion "1"]
[SourceVersionDate "2021.10.06"]
[SourceQuality "1"]

1. e4 e5 2. Nf3 Nc6 3. Bb5 d6 4. h3 Nf6 5. d3 Bd7 6. O-O Be7 7. Nc3 Qc8 8. Nd5 Bxh3 9. gxh3 Qxh3 10. Nxc7+ Kd7 11. Nxa8 Rxa8 12. Bxc6+ bxc6 13. Nh2 g5 14. Qf3 Qe6 15. Qf5 g4 16. Qxe6+ Kxe6 17. Bg5 h5 18. Rfe1 Rh8 19. Re3 Rg8 20. Bxf6 Bxf6 21. Rg3 Bg5 22. Kf1 Bf4 23. Rg2 f5 24. Ke2 h4 25. exf5+ Kxf5 26. Rag1 g3 27. fxg3 hxg3 28. Nf1 Rc8 29. Nxg3+ Ke6 30. Nh5 Rb8 31. Nxf4+ exf4 32. b3 Rb5 33. Rg6+ Ke7 34. Rg7+ Kf8 35. Rxa7 Re5+ 36. Kf3 c5 37. Rh1 Kg8 38. Rhh7 c4 39. dxc4 d5 40. Rhb7 Rf5 41. Rb8+ Rf8 42. Rxf8+ Kxf8 43. cxd5 Ke8 44. Kxf4 Kd8 45. Ke5 Kc8 46. Kd6 Kb8 47. Rh7 Kc8 48. a4 Kb8 49. Kc6 Ka8 1-0

[Event "Scarborough CC Falling Leaves U1800"]
[Site "Toronto CAN"]
[Date "2011.11.17"]
[Round "3"]
[White "Yie, Kevin Yi Xiao"]
[Black "Song, Eric"]
[Result "1-0"]
[WhiteElo "1463"]
[BlackElo "1661"]
[PlyCount "120"]
[GameId "2160767909639522"]
[EventDate "2011.11.03"]
[EventType "swiss"]
[EventRounds "7"]
[EventCountry "CAN"]
[SourceTitle "EXT 2022"]
[Source "ChessBase"]
[SourceDate "2021.10.06"]
[SourceVersion "1"]
[SourceVersionDate "2021.10.06"]
[SourceQuality "1"]

1. d4 e6 2. c4 Nf6 3. Nc3 Bb4 4. Nf3 Nc6 5. Bg5 h6 6. Bh4 b6 7. e3 Bb7 8. Be2 O-O 9. O-O Re8 10. Ne4 Be7 11. Nxf6+ Bxf6 12. Bg3 Qe7 13. Rb1 a5 14. h3 Rec8 15. e4 d6 16. d5 Nb4 17. a3 Na6 18. b4 axb4 19. axb4 Re8 20. Re1 Bc3 21. Rf1 Bxb4 22. Bd3 Ba5 23. Nd2 Nb4 24. Nb3 Nxd3 25. Qxd3 exd5 26. exd5 Qe4 27. Qxe4 Rxe4 28. Rfc1 Kf8 29. Kf1 Bc8 30. f3 Re8 31. Rc2 Bf5 32. Rcb2 Bc3 33. Bf2 Bd3+ 34. Kg1 Bxb2 35. Rxb2 Bxc4 36. Nd4 Bxd5 37. Bg3 Ra4 38. Nb5 Rc8 39. Nxc7 Be6 40. Bxd6+ Kg8 41. Rxb6 Ra1+ 42. Kh2 Ra7 43. Nxe6 fxe6 44. Bf4 Re7 45. Rb5 Kf7 46. h4 Rc4 47. Kg3 Kg6 48. Be5 Rd7 49. Rb3 Rd5 50. f4 Rd7 51. Re3 Rc2 52. Kf3 Rdd2 53. g3 h5 54. Ke4 Rc4+ 55. Kf3 Kf5 56. Bxg7 Rc6 57. Re5+ Kg6 58. Rg5+ Kf7 59. Be5 Ra2 60. Rg7+ Kf8 1-0

[Event "Scarborough CC Falling Leaves U1800"]
[Site "Toronto CAN"]
[Date "2011.11.24"]
[Round "4"]
[White "Aghamalian, Leonid"]
[Black "Termeer, Ted"]
[Result "1-0"]
[WhiteElo "1489"]
[BlackElo "1349"]
[PlyCount "41"]
[GameId "2160767909639523"]
[EventDate "2011.11.03"]
[EventType "swiss"]
[EventRounds "7"]
[EventCountry "CAN"]
[SourceTitle "EXT 2022"]
[Source "ChessBase"]
[SourceDate "2021.10.06"]
[SourceVersion "1"]
[SourceVersionDate "2021.10.06"]
[SourceQuality "1"]

1. e4 e5 2. Nf3 d6 3. Bc4 h6 4. Nc3 Nf6 5. O-O Be7 6. d4 exd4 7. Nxd4 O-O 8. Re1 a6 9. Qf3 Nbd7 10. Qg3 Kh8 11. Nf5 Nh5 12. Qf3 Ne5 13. Qxh5 Bxf5 14. exf5 Nxc4 15. Bxh6 gxh6 16. Qxh6+ Kg8 17. Rxe7 Qc8 18. Qg5+ Kh8 19. f6 Qg4 20. Qxg4 Nxb2 21. Qg7# 1-0

[Event "Scarborough CC Falling Leaves U1800"]
[Site "Toronto CAN"]
[Date "2011.11.24"]
[Round "4"]
[White "Azmitia, Gabriel"]
[Black "Maister, Martin"]
[Result "0-1"]
[WhiteElo "1588"]
[BlackElo "1626"]
[PlyCount "88"]
[GameId "2160767909639524"]
[EventDate "2011.11.03"]
[EventType "swiss"]
[EventRounds "7"]
[EventCountry "CAN"]
[SourceTitle "EXT 2022"]
[Source "ChessBase"]
[SourceDate "2021.10.06"]
[SourceVersion "1"]
[SourceVersionDate "2021.10.06"]
[SourceQuality "1"]

1. Nf3 Nf6 2. d4 c5 3. d5 g6 4. c4 b5 5. Nbd2 Bg7 6. e4 b4 7. Rb1 O-O 8. Bd3 d6 9. h3 a5 10. Bc2 Ba6 11. Bd3 Nbd7 12. b3 Nb6 13. a4 bxa3 14. Bxa3 Qd7 15. O-O a4 16. b4 cxb4 17. Rxb4 Qc7 18. Qe2 Nfd7 19. Rc1 Nc5 20. Bc2 Rfb8 21. Qe3 Nbd7 22. Rxb8+ Rxb8 23. Rb1 Rxb1+ 24. Bxb1 Qb7 25. Bc2 Bb2 26. g4 Bxa3 27. Qxa3 Nb6 28. Bd3 Nxd3 29. Qxd3 Qc8 30. Qa3 Nxc4 31. Qb4 Nxd2 32. Qxd2 Qc4 33. Qe1 a3 34. Nd2 Qc3 35. Qe3 Qc1+ 36. Kg2 a2 37. Nb3 Qf1+ 38. Kg3 Bc4 39. Qa7 Bxb3 40. Qxe7 a1=Q 41. Qxd6 Qc3+ 42. Kh4 Qxf2+ 43. Kg5 h6+ 44. Kxh6 Qh4# 0-1

[Event "Scarborough CC Falling Leaves U1800"]
[Site "Toronto CAN"]
[Date "2011.11.24"]
[Round "4"]
[White "Karpik, Steve"]
[Black "Pishdad, Hassan"]
[Result "1-0"]
[WhiteElo "1481"]
[BlackElo "1325"]
[PlyCount "141"]
[GameId "2160767909639526"]
[EventDate "2011.11.03"]
[EventType "swiss"]
[EventRounds "7"]
[EventCountry "CAN"]
[SourceTitle "EXT 2022"]
[Source "ChessBase"]
[SourceDate "2021.10.06"]
[SourceVersion "1"]
[SourceVersionDate "2021.10.06"]
[SourceQuality "1"]

1. Nf3 d6 2. g3 c5 3. c4 Nc6 4. Bg2 Nf6 5. Nc3 e6 6. O-O Be7 7. a3 a6 8. d3 O-O 9. Bd2 Rb8 10. Na2 b5 11. b3 d5 12. Bf4 Bd6 13. Bxd6 Qxd6 14. cxb5 axb5 15. Nd2 Ba6 16. Rc1 Ne5 17. b4 c4 18. d4 Nc6 19. e3 e5 20. dxe5 Qxe5 21. Nc3 Rfd8 22. Nf3 Qd6 23. Nd4 Nxd4 24. Qxd4 Qb6 25. Rfd1 Qc7 26. Nxd5 Nxd5 27. Bxd5 Qe7 28. Qf4 Rb6 29. Qxf7+ Qxf7 30. Bxf7+ Kxf7 31. Rxd8 Rb7 32. Rc3 Rc7 33. Kf1 Bb7 34. Rd4 Re7 35. Ke1 Be4 36. a4 bxa4 37. Rcxc4 a3 38. b5 a2 39. Ra4 Bb1 40. b6 Rb7 41. Rdb4 Ke6 42. Rb2 h6 43. Raxa2 Bxa2 44. Rxa2 Rxb6 45. Rd2 g5 46. Rd4 Ke5 47. h4 Rb1+ 48. Ke2 Rh1 49. hxg5 hxg5 50. f4+ gxf4 51. gxf4+ Ke6 52. Kf3 Rh3+ 53. Ke4 Rh4 54. Ra4 Ke7 55. Ra6 Kf7 56. Ke5 Rh5+ 57. f5 Rh3 58. e4 Rb3 59. Ra7+ Ke8 60. f6 Rb5+ 61. Kf4 Rb6 62. e5 Re6 63. Kf5 Rb6 64. Re7+ Kf8 65. e6 Rb5+ 66. Kg6 Rb3 67. Rf7+ Kg8 68. Rg7+ Kf8 69. e7+ Ke8 70. Rg8+ Kd7 71. e8=Q+ 1-0

[Event "Scarborough CC Falling Leaves U1800"]
[Site "Toronto CAN"]
[Date "2011.11.24"]
[Round "4"]
[White "Lin, William"]
[Black "Azizi, Hamid"]
[Result "1-0"]
[WhiteElo "1361"]
[BlackElo "1424"]
[PlyCount "88"]
[GameId "2160767909639527"]
[EventDate "2011.11.03"]
[EventType "swiss"]
[EventRounds "7"]
[EventCountry "CAN"]
[SourceTitle "EXT 2022"]
[Source "ChessBase"]
[SourceDate "2021.10.06"]
[SourceVersion "1"]
[SourceVersionDate "2021.10.06"]
[SourceQuality "1"]

1. e4 e6 2. d4 d5 3. exd5 Qxd5 4. Nc3 Bb4 5. Nge2 Nf6 6. Bd2 Qh5 7. a3 Ba5 8. Ng3 Qxd1+ 9. Rxd1 c6 10. Nge4 Nxe4 11. Nxe4 Bc7 12. Bb4 f5 13. Nd6+ Kd7 14. Nxc8 Kxc8 15. Bc4 Re8 16. O-O a5 17. Bc3 Nd7 18. Rfe1 Nf8 19. d5 b5 20. Ba2 e5 21. d6 b4 22. Bxe5 Rxe5 23. Rxe5 Bb6 24. Re8+ Kb7 25. d7 Rd8 26. h3 Rxd7 27. Rxd7+ Nxd7 28. Re7 Kc7 29. Be6 Kd6 30. Rxd7+ Kxe6 31. Rxg7 Bd4 32. Rxh7 Bxb2 33. axb4 a4 34. Ra7 a3 35. Kf1 Kd5 36. Ke2 Kc4 37. Kd2 Kxb4 38. c4 Kb3 39. Rb7+ Ka2 40. Kc2 Bd4 41. f3 f4 42. Rf7 Be3 43. h4 Ka1 44. h5 a2 1-0

[Event "Scarborough CC Falling Leaves U1800"]
[Site "Toronto CAN"]
[Date "2011.11.24"]
[Round "4"]
[White "Raphael, Raymond"]
[Black "Zhong, Joey"]
[Result "0-1"]
[WhiteElo "1642"]
[BlackElo "1366"]
[PlyCount "55"]
[GameId "2160767909639528"]
[EventDate "2011.11.03"]
[EventType "swiss"]
[EventRounds "7"]
[EventCountry "CAN"]
[SourceTitle "EXT 2022"]
[Source "ChessBase"]
[SourceDate "2021.10.06"]
[SourceVersion "1"]
[SourceVersionDate "2021.10.06"]
[SourceQuality "1"]

1. e4 e6 2. d4 d5 3. Nc3 Bb4 4. Bd2 Bxc3 5. Bxc3 dxe4 6. d5 Nf6 7. dxe6 Qxd1+ 8. Rxd1 Bxe6 9. a3 Nbd7 10. Ne2 Bg4 11. Rd2 O-O-O 12. Ng3 Rhe8 13. h3 Be6 14. Re2 Bd5 15. Nf5 g6 16. Ne3 Bc6 17. g3 Nd5 18. Nxd5 Bxd5 19. Bg2 f5 20. O-O Nb6 21. b3 Bc6 22. a4 Nd5 23. Bb2 b5 24. axb5 Bxb5 25. c4 Ba6 26. Ra1 Kb7 27. Ree1 Nb4 28. Bf1 0-1

[Event "Scarborough CC Falling Leaves U1800"]
[Site "Toronto CAN"]
[Date "2011.11.24"]
[Round "4"]
[White "Veecock, Carl"]
[Black "Bellomo, Joe"]
[Result "0-1"]
[WhiteElo "1329"]
[BlackElo "1588"]
[PlyCount "78"]
[GameId "2160767909639529"]
[EventDate "2011.11.03"]
[EventType "swiss"]
[EventRounds "7"]
[EventCountry "CAN"]
[SourceTitle "EXT 2022"]
[Source "ChessBase"]
[SourceDate "2021.10.06"]
[SourceVersion "1"]
[SourceVersionDate "2021.10.06"]
[SourceQuality "1"]

1. Nf3 d5 2. g3 Nf6 3. Bg2 e6 4. O-O Be7 5. d3 O-O 6. Bg5 Nbd7 7. Nc3 h6 8. Bf4 a6 9. a4 Nh5 10. Bd2 c5 11. Qc1 Nhf6 12. e3 b6 13. Rd1 Bb7 14. d4 c4 15. b3 cxb3 16. cxb3 Rc8 17. Qb2 Re8 18. Rdc1 Bd6 19. Ne2 Rxc1+ 20. Rxc1 Ne4 21. Be1 Qe7 22. Rc2 Ndf6 23. Nd2 Ng5 24. Nf3 Nxf3+ 25. Bxf3 Nh7 26. b4 Ng5 27. Bg2 Qf6 28. f4 Nh7 29. Nc1 g5 30. fxg5 Qxg5 31. Qb3 Nf6 32. Bf2 Qh5 33. h3 Qd1+ 34. Bf1 Ne4 35. Qd3 Nxf2 36. Kxf2 Qh5 37. b5 a5 38. Qe2 Qg6 39. Nd3 Qxg3# 0-1

[Event "Scarborough CC Falling Leaves U1800"]
[Site "Toronto CAN"]
[Date "2011.11.24"]
[Round "4"]
[White "Vojnov, Miomir"]
[Black "Super, Russell"]
[Result "0-1"]
[WhiteElo "1566"]
[BlackElo "1423"]
[PlyCount "58"]
[GameId "2160767909639530"]
[EventDate "2011.11.03"]
[EventType "swiss"]
[EventRounds "7"]
[EventCountry "CAN"]
[SourceTitle "EXT 2022"]
[Source "ChessBase"]
[SourceDate "2021.10.06"]
[SourceVersion "1"]
[SourceVersionDate "2021.10.06"]
[SourceQuality "1"]

1. e4 e5 2. Nf3 Nf6 3. Nc3 d6 4. Bc4 g6 5. Ng5 d5 6. Nxd5 Nxd5 7. d3 h6 8. Nxf7 Kxf7 9. Bxd5+ Kg7 10. O-O Kh7 11. f4 c6 12. Bb3 Bg7 13. fxe5 Qd4+ 14. Kh1 Qxe5 15. Rf4 Nd7 16. d4 Qxd4 17. Qf3 Ne5 18. Qf1 Qd6 19. Rh4 Rf8 20. Qe2 Be6 21. Bxe6 Qxe6 22. Bxh6 Bxh6 23. Qe3 Ng4 24. Qe2 Rf4 25. Re1 Nf2+ 26. Kg1 Rxh4 27. Qxf2 Rf4 28. Qd4 Raf8 29. Qd3 Qf7 0-1

[Event "Scarborough CC Falling Leaves U1800"]
[Site "Toronto CAN"]
[Date "2011.11.24"]
[Round "4"]
[White "Vyravanathan, Sobiga"]
[Black "Thanabalachandran, Kajan"]
[Result "1-0"]
[WhiteElo "1453"]
[BlackElo "1594"]
[PlyCount "120"]
[GameId "2160767909639531"]
[EventDate "2011.11.03"]
[EventType "swiss"]
[EventRounds "7"]
[EventCountry "CAN"]
[SourceTitle "EXT 2022"]
[Source "ChessBase"]
[SourceDate "2021.10.06"]
[SourceVersion "1"]
[SourceVersionDate "2021.10.06"]
[SourceQuality "1"]

1. e4 c5 2. Nf3 Nc6 3. d4 cxd4 4. Nxd4 Nf6 5. Nc3 d6 6. Bg5 Bd7 7. Be2 a6 8. O-O Qb6 9. Nb3 h6 10. Be3 Qc7 11. Bf3 Ne5 12. Be2 Neg4 13. Bf4 g5 14. Bg3 h5 15. h3 h4 16. Bh2 Nxh2 17. Kxh2 d5+ 18. Kg1 dxe4 19. Nd5 Nxd5 20. Qxd5 Qc6 21. Qxg5 Qxc2 22. Bg4 Bxg4 23. Qxg4 Qc6 24. Rfc1 Qd7 25. Qxe4 f5 26. Qe5 Rg8 27. Rd1 Qc6 28. Qd5 Qxd5 29. Rxd5 e6 30. Rd4 Be7 31. Re1 Kf7 32. Rd7 b6 33. Nd4 Rg6 34. Nxf5 exf5 35. Rdxe7+ Kg8 36. R7e6 Rxe6 37. Rxe6 b5 38. Rf6 Rc8 39. Rxa6 Rc1+ 40. Kh2 Rc2 41. b3 Rxf2 42. Ra5 b4 43. Ra4 f4 44. Kg1 Rb2 45. Rxb4 Rxa2 46. Rxf4 Rb2 47. b4 Kg7 48. Rxh4 Kg6 49. Rf4 Kg5 50. Rc4 Kf5 51. Kh2 Kg6 52. Kg3 Kf6 53. Kf3 Kg6 54. g3 Rb3+ 55. Kg4 Ra3 56. b5 Rb3 57. Rc6+ Kf7 58. b6 Ke8 59. h4 Kd8 60. Rf6 Ke7 1-0

[Event "Scarborough CC Falling Leaves U1800"]
[Site "Toronto CAN"]
[Date "2011.11.24"]
[Round "4"]
[White "Wang, Eric1"]
[Black "Guo, Tan"]
[Result "0-1"]
[WhiteElo "1501"]
[BlackElo "1634"]
[PlyCount "114"]
[GameId "2160767909639532"]
[EventDate "2011.11.03"]
[EventType "swiss"]
[EventRounds "7"]
[EventCountry "CAN"]
[SourceTitle "EXT 2022"]
[Source "ChessBase"]
[SourceDate "2021.10.06"]
[SourceVersion "1"]
[SourceVersionDate "2021.10.06"]
[SourceQuality "1"]

1. d4 d5 2. c4 e6 3. Nc3 Nf6 4. Bg5 Be7 5. Nf3 Nbd7 6. e3 c6 7. Rc1 O-O 8. Bd3 dxc4 9. Bxc4 Nd5 10. Bxe7 Qxe7 11. O-O N7b6 12. Bb3 Nxc3 13. bxc3 Bd7 14. Qe2 Rac8 15. Rfd1 Rfd8 16. h3 c5 17. Bc2 cxd4 18. cxd4 Nd5 19. Qd3 f5 20. Bb3 Bc6 21. Ne5 f4 22. Nxc6 bxc6 23. Bxd5 Rxd5 24. exf4 Rcd8 25. Qc2 R8d6 26. Qa4 Qd7 27. Rc4 c5 28. Qxd7 Rxd7 29. Kf1 cxd4 30. Rd3 Kf7 31. Ke2 Kf6 32. Rf3 Kf5 33. Kd3 Ra5 34. a4 h6 35. g4+ Kf6 36. Ke4 Rad5 37. Kd3 g6 38. Rg3 e5 39. Rf3 e4+ 40. Kxe4 d3 41. Rc6+ Kf7 42. Rc1 d2 43. Rd1 Rd4+ 44. Ke3 Rxa4 45. Ke2 Re4+ 46. Re3 Rxf4 47. Rf3 Re7+ 48. Re3 Rd4 49. Rxd2 Rxd2+ 50. Kxd2 Rxe3 51. Kxe3 Ke6 52. Kd4 a5 53. f4 a4 54. Kc4 a3 55. Kb3 Kd5 56. f5 gxf5 57. Kxa3 f4 0-1

[Event "Scarborough CC Falling Leaves U1800"]
[Site "Toronto CAN"]
[Date "2011.12.01"]
[Round "5"]
[White "Bellomo, Joe"]
[Black "Vyravanathan, Sobiga"]
[Result "0-1"]
[WhiteElo "1588"]
[BlackElo "1453"]
[PlyCount "124"]
[GameId "2160767909639533"]
[EventDate "2011.11.03"]
[EventType "swiss"]
[EventRounds "7"]
[EventCountry "CAN"]
[SourceTitle "EXT 2022"]
[Source "ChessBase"]
[SourceDate "2021.10.06"]
[SourceVersion "1"]
[SourceVersionDate "2021.10.06"]
[SourceQuality "1"]

1. e4 c5 2. Nf3 Nc6 3. d4 cxd4 4. Nxd4 Nf6 5. Nc3 d6 6. Be2 e6 7. O-O Be7 8. Be3 O-O 9. Kh1 a6 10. f4 Bd7 11. Qe1 Rc8 12. Rd1 Qa5 13. Nb3 Qd8 14. f5 Ra8 15. fxe6 Bxe6 16. Qg3 Ne8 17. Bf4 Bh4 18. Qf3 Bf6 19. e5 Nxe5 20. Bxe5 Bxe5 21. g3 Rb8 22. Bd3 Bd7 23. Be4 Nf6 24. Qg2 Bxc3 25. bxc3 Nxe4 26. Qxe4 Bc6 27. Rd5 Bxd5 28. Qxd5 Qc7 29. Qd2 Qc4 30. Rf4 Qc6+ 31. Kg1 Rbc8 32. c4 Qc7 33. Rh4 Qe7 34. Qd3 g6 35. Re4 Qc7 36. Nd2 Rfe8 37. Rxe8+ Rxe8 38. Nf3 Qc5+ 39. Nd4 Qe5 40. Kg2 Qe4+ 41. Qxe4 Rxe4 42. Nf3 Rxc4 43. Ne1 Ra4 44. Kf3 Rxa2 45. Ke3 Ra5 46. Nd3 Kf8 47. h4 Ke7 48. Ke4 h6 49. c4 f6 50. Nf4 g5 51. Ng6+ Kf7 52. h5 Rc5 53. Kd4 a5 54. Nh8+ Kg7 55. Ng6 b5 56. cxb5 Rxb5 57. Ne7 Kf7 58. Nc6 g4 59. Ke4 Rxh5 60. Kf4 Rd5 61. Nd8+ Ke7 62. Nb7 Rb5 0-1

[Event "Scarborough CC Falling Leaves U1800"]
[Site "Toronto CAN"]
[Date "2011.12.01"]
[Round "5"]
[White "Gaffney, Kevin"]
[Black "Aghamalian, Leonid"]
[Result "1-0"]
[WhiteElo "1632"]
[BlackElo "1489"]
[PlyCount "59"]
[GameId "2160767909639534"]
[EventDate "2011.11.03"]
[EventType "swiss"]
[EventRounds "7"]
[EventCountry "CAN"]
[SourceTitle "EXT 2022"]
[Source "ChessBase"]
[SourceDate "2021.10.06"]
[SourceVersion "1"]
[SourceVersionDate "2021.10.06"]
[SourceQuality "1"]

1. e4 e5 2. Nf3 Nc6 3. Nc3 Nf6 4. d4 Bb4 5. Nxe5 Nxe5 6. dxe5 Nxe4 7. Qg4 Bxc3+ 8. bxc3 d5 9. Qxg7 Kd7 10. Qxf7+ Kc6 11. Bd3 Qf8 12. Bb5+ Kxb5 13. Qxd5+ Qc5 14. Rb1+ Ka6 15. Qxe4 Qxc3+ 16. Bd2 Qc6 17. Qe2+ b5 18. a4 Rb8 19. axb5+ Rxb5 20. O-O Be6 21. Rb4 Rg8 22. Ra1+ Kb7 23. Qxb5+ Qxb5 24. Rxb5+ Kc6 25. Rba5 Bd5 26. g3 Rb8 27. Rxa7 Kd7 28. f4 Rb2 29. Rc1 Be4 30. Ra5 1-0

[Event "Scarborough CC Falling Leaves U1800"]
[Site "Toronto CAN"]
[Date "2011.12.01"]
[Round "5"]
[White "Gillis, Doug"]
[Black "Tismenko, Dennis"]
[Result "1-0"]
[WhiteElo "1630"]
[BlackElo "1436"]
[PlyCount "29"]
[GameId "2160767909639535"]
[EventDate "2011.11.03"]
[EventType "swiss"]
[EventRounds "7"]
[EventCountry "CAN"]
[SourceTitle "EXT 2022"]
[Source "ChessBase"]
[SourceDate "2021.10.06"]
[SourceVersion "1"]
[SourceVersionDate "2021.10.06"]
[SourceQuality "1"]

1. d4 d5 2. Nc3 Nf6 3. Bg5 e6 4. e4 Be7 5. e5 Nfd7 6. Bxe7 Qxe7 7. f4 Nb6 8. Nf3 N8d7 9. Bd3 O-O 10. Bxh7+ Kxh7 11. Ng5+ Kg6 12. Qd3+ f5 13. Qh3 Rh8 14. Qxh8 Nf8 15. h4 1-0

[Event "Scarborough CC Falling Leaves U1800"]
[Site "Toronto CAN"]
[Date "2011.12.01"]
[Round "5"]
[White "Guo, Tan"]
[Black "Azmitia, Gabriel"]
[Result "1-0"]
[WhiteElo "1634"]
[BlackElo "1588"]
[PlyCount "65"]
[GameId "2160767909639536"]
[EventDate "2011.11.03"]
[EventType "swiss"]
[EventRounds "7"]
[EventCountry "CAN"]
[SourceTitle "EXT 2022"]
[Source "ChessBase"]
[SourceDate "2021.10.06"]
[SourceVersion "1"]
[SourceVersionDate "2021.10.06"]
[SourceQuality "1"]

1. e4 e5 2. Nf3 Nc6 3. d4 d5 4. dxe5 dxe4 5. Qxd8+ Kxd8 6. Ng5 Nxe5 7. Bf4 Ng6 8. Bg3 Nh6 9. Nc3 Bg4 10. h3 Bh5 11. Bh2 Nh4 12. g4 Bg6 13. O-O-O+ Kc8 14. Be2 f5 15. Bg3 Nf3 16. Nxf3 exf3 17. Bxf3 fxg4 18. hxg4 Be7 19. Nd5 Bd6 20. Bxd6 cxd6 21. Ne7+ Kc7 22. Rd2 Rhf8 23. Be2 Rxf2 24. Nd5+ Kd7 25. Bb5+ Ke6 26. Nc7+ Kf6 27. Rxf2+ Kg5 28. Nxa8 a6 29. Be2 Nf7 30. Nc7 Be4 31. Rh5+ Kg6 32. Ne6 h6 33. Nf8# 1-0

[Event "Scarborough CC Falling Leaves U1800"]
[Site "Toronto CAN"]
[Date "2011.12.01"]
[Round "5"]
[White "Joshi, Arjavkumar"]
[Black "Graham, John"]
[Result "0-1"]
[WhiteElo "1312"]
[BlackElo "1417"]
[PlyCount "68"]
[GameId "2160767909639537"]
[EventDate "2011.11.03"]
[EventType "swiss"]
[EventRounds "7"]
[EventCountry "CAN"]
[SourceTitle "EXT 2022"]
[Source "ChessBase"]
[SourceDate "2021.10.06"]
[SourceVersion "1"]
[SourceVersionDate "2021.10.06"]
[SourceQuality "1"]

1. Nf3 c5 2. g3 Nc6 3. Bg2 Nf6 4. b3 e6 5. Bb2 Be7 6. c4 O-O 7. O-O d5 8. d3 Qc7 9. Qc2 d4 10. e3 e5 11. Nbd2 Bf5 12. e4 Bg6 13. Nh4 Nb4 14. Qb1 Bh5 15. Nf5 Be2 16. a3 Bxd3 17. Qd1 Bxf1 18. Kxf1 Nc6 19. Nf3 Ne8 20. Qd2 Nd6 21. N3h4 Qd8 22. Nxd6 Bxd6 23. Nf5 Be7 24. h4 Bf6 25. g4 Bxh4 26. Nxh4 Qxh4 27. Ke2 Qxg4+ 28. Bf3 Qg6 29. Rh1 Rad8 30. Kd3 f5 31. Qe2 f4 32. Bc1 Qg5 33. Rh5 Qg1 34. Bd2 Qb1# 0-1

[Event "Scarborough CC Falling Leaves U1800"]
[Site "Toronto CAN"]
[Date "2011.12.01"]
[Round "5"]
[White "Kurkowski, Ken"]
[Black "Yie, Kevin Yi Xiao"]
[Result "0-1"]
[WhiteElo "1569"]
[BlackElo "1463"]
[PlyCount "72"]
[GameId "2160767909639538"]
[EventDate "2011.11.03"]
[EventType "swiss"]
[EventRounds "7"]
[EventCountry "CAN"]
[SourceTitle "EXT 2022"]
[Source "ChessBase"]
[SourceDate "2021.10.06"]
[SourceVersion "1"]
[SourceVersionDate "2021.10.06"]
[SourceQuality "1"]

1. d4 d5 2. Nf3 Nf6 3. e3 c6 4. c4 Bg4 5. Qb3 Qc7 6. Ne5 Bf5 7. Nc3 e6 8. Be2 Nbd7 9. f4 Be7 10. Bd2 O-O 11. O-O h6 12. Rac1 Qb6 13. Qxb6 axb6 14. a3 Rfd8 15. cxd5 exd5 16. g4 Bh7 17. f5 Bd6 18. Nxd7 Rxd7 19. Bf3 Re8 20. Rce1 Rde7 21. h4 Bg3 22. g5 Bxe1 23. gxf6 Bxd2 24. fxe7 Bxe3+ 25. Kg2 Rxe7 26. Ne2 Bxf5 27. Bxd5 Bd3 28. Bf3 Bxe2 29. Bxe2 Bxd4 30. Bf3 Bxb2 31. Rb1 Bd4 32. Rb4 Bc5 33. Ra4 g6 34. Ra7 Kg7 35. a4 b5 36. Ra5 Bb6 0-1

[Event "Scarborough CC Falling Leaves U1800"]
[Site "Toronto CAN"]
[Date "2011.12.01"]
[Round "5"]
[White "Li, Michael"]
[Black "Radpey, Abdolreza"]
[Result "1-0"]
[WhiteElo "1425"]
[BlackElo "1613"]
[PlyCount "63"]
[GameId "2160767909639539"]
[EventDate "2011.11.03"]
[EventType "swiss"]
[EventRounds "7"]
[EventCountry "CAN"]
[SourceTitle "EXT 2022"]
[Source "ChessBase"]
[SourceDate "2021.10.06"]
[SourceVersion "1"]
[SourceVersionDate "2021.10.06"]
[SourceQuality "1"]

1. e4 e6 2. d4 d5 3. Nd2 c5 4. exd5 exd5 5. Ngf3 Nc6 6. Bb5 Bd7 7. O-O cxd4 8. Bxc6 bxc6 9. Nxd4 Nf6 10. N2b3 a5 11. Bg5 a4 12. Re1+ Be7 13. Bxf6 gxf6 14. Nc5 O-O 15. Nxd7 Qxd7 16. Qf3 Kh8 17. Nxc6 Qxc6 18. Rxe7 Rae8 19. Rxe8 Rxe8 20. Rd1 Re4 21. h3 Qe6 22. Qc3 Rc4 23. Qd2 d4 24. Re1 Qd7 25. Qd3 Rc7 26. Re4 Qc6 27. Qxd4 Rd7 28. Re8+ Kg7 29. Qg4+ Kh6 30. Rg8 Rd1+ 31. Qxd1 f5 32. Qd2+ 1-0